000 00612nam a2200181 a 4500
001 BRCA_1449
005 20190320203431.0
008 290805s1991----mx-#---f##---#000-0#spa-#
020 _a9684232624
050 4 _aB4373
_b.G63 1991
100 1 _aGodoy, Emma
_d[ -1990]
_94744
245 1 0 _aEl pecado y la gracia
_cEmma Godoy.
260 _aMéxico
_bJus
_c1991
300 _a191 p.
_c21 cm.
500 _aFotografía de la portada : Detalle Urna Eucarística repujada y cincelada. Siglo XVIII. Museo Franz Mayer. México, D.F por Marinieves Castro Reynoso
650 1 4 _aPecado
_xNaturaleza
_94745
942 _2lcc
_cB
999 _c1311
_d1311